Toán 9
Giới thiệu về những vấn đề chung trong chương trình toán 9. Mục tiêu, nội dung chủ yếu và hướng dẫn chi tiết về phần đại số và hình học: căn bậc hai - căn bậc ba, hàm số bậc nhất, hệ thức lượng trong tam giác vuông, đường tròn. Cuố...
Đã lưu trong:
| Định dạng: | Sách |
|---|---|
| Ngôn ngữ: | Undetermined |
| Được phát hành: |
Hà Nội
Giáo dục
2005
|
| Những chủ đề: | |
| Các nhãn: |
Thêm thẻ
Không có thẻ, Là người đầu tiên thẻ bản ghi này!
|
| Thư viện lưu trữ: | Trung tâm Học liệu Trường Đại học Cần Thơ |
|---|
| LEADER | 01042nam a2200205Ia 4500 | ||
|---|---|---|---|
| 001 | CTU_106417 | ||
| 008 | 210402s9999 xx 000 0 und d | ||
| 020 | |c 5000 | ||
| 082 | |a 510.712 | ||
| 082 | |b T406/T1/L9 | ||
| 245 | 0 | |a Toán 9 | |
| 245 | 0 | |c Phan Đức Chính ... [et al.] | |
| 260 | |a Hà Nội | ||
| 260 | |b Giáo dục | ||
| 260 | |c 2005 | ||
| 520 | |a Giới thiệu về những vấn đề chung trong chương trình toán 9. Mục tiêu, nội dung chủ yếu và hướng dẫn chi tiết về phần đại số và hình học: căn bậc hai - căn bậc ba, hàm số bậc nhất, hệ thức lượng trong tam giác vuông, đường tròn. Cuối chương có kèm gợi ý đề kiểm tra. | ||
| 650 | |a Mathematics | ||
| 650 | |x Study and teaching | ||
| 904 | |i Tuyến, Q. hiếu (sửa) Tuyến sửa số pl 510.0712 thành 510.712, chưa in nhãn) | ||
| 980 | |a Trung tâm Học liệu Trường Đại học Cần Thơ | ||